| 000 | 00601nam a2200217Ii 4500 | ||
|---|---|---|---|
| 003 | JO-AjNU | ||
| 008 | 230606s9999||||xx |||||||||||||| ||und|| | ||
| 020 | _a978-81-203-4683-3 | ||
| 040 |
_aJO-AjNU _beng _erda _cJO-AjNU |
||
| 041 | _aeng | ||
| 050 | 1 | 4 | _aQA184.2.D38.2013 |
| 100 | 3 |
_aDatta.Biswa Nath, _eauthor _93759 |
|
| 245 | 0 | 0 | _aNumerical Linear Algebra and Applications |
| 250 | _a2 ed | ||
| 264 | 3 | 1 | _aDelhi:phl,2013 |
| 300 | _a530p | ||
| 336 |
_atext _btxt _2rdacontent |
||
| 337 |
_aunmediated _bn _2rdamedia |
||
| 338 |
_avolume _bnc _2rdacarrier |
||
| 650 | 4 |
_a Number theory _93760 |
|
| 999 |
_aE1962 _c1962 _d1962 |
||